000 00817nam a2200289 i 4500
001 13828
003 ES-MaACL
005 20230906150654.0
007 t|
008 980709s1987 fr ||||1| fre d
020 _a2-13-040225-9
080 _a1 Maine de Biran
080 _a165.62
080 _a111
100 1 _aHenry, Michel.
_962599
245 1 0 _aPhilosophie et phénoménologie du corps
_b: essai sur l'ontologie biranienne.
250 _a2e éd.
260 _aParis :
_bPUF,
_c1997.
300 _a308 p. ;
_c22 cm.
490 1 _aEpiméthée
600 1 4 _aMaine de Biran, Pierre-
_xCrítica e interpretación.
_975597
650 1 4 _aFenomenología.
_912756
650 _aOntología.
_915705
830 0 _aEpiméthée
_9179541
852 _aES-MaACL
_jL-21225
_bR.115981
999 _c13828
_d13828